000 01254nam a22003377a 4500
003 CHAP
005 20220329135250.0
008 971013s1973 r 00010 d
010 _a33492
011 _a34464
035 _a38580
040 _cCHAP
090 _aTesis
100 0 0 _aMaza Rodríguez, Oscar Antonio de la.
_973304
245 _aEfecto del número de surcos por parcelas sobre el ataque del gusano barrenador del maíz (Zeadiatraea spp. y Diatraea spp.) en dos variedades sintéticas en Apodaca, N.L.
260 _aMonterrey, N.L. :
_bEl autor,
_c1973
300 _a61 h
502 _aTesis (Ing. Agrónomo Fitotecnista) -- ITESM. Div. de Ciencias Agropecuarias y Marítimas
590 _aALEPH
_b10
_c20130110
_lUCH01
_h1258
590 _aBATCH-UPD
_b10
_c20130110
_lUCH01
_h0241
590 _aBATCH-UPD
_b10
_c20130110
_lUCH01
_h1245
590 _aBATCH-UPD
_b10
_c20130409
_lUCH01
_h2308
590 _aBATCH-UPD
_b10
_c20130410
_lUCH01
_h1545
590 _aBATCH-UPD
_b10
_c20130914
_lUCH01
_h1201
590 _aCONVERSION
_b10
_c20130109
_lUCH01
_h1319
650 1 4 _aDiatraea saccharalis.
_932432
650 1 4 _aMaíz
_xVariedades resistentes a plagas.
_971083
901 _aBK
942 _cTESIS
949 _bBC
_cTES
_d-88164
_eTS1
_i38580
_si
999 _c33492
_d33492